countries that start with (S) - Statistics

General Stats
  • This quiz has been taken 55 times
    27 since last reset
  • The average score is 21 of 26
Answer Stats
Hint Answer % Correct
S Sweden
100%
S South africa
96%
S South Korea
96%
S Switzerland
92%
S Serbia
88%
S St. kitts
88%
S St. lucia
88%
S St. Vincent
88%
S Suriname
88%
S San marino
83%
S Senegal
83%
S South sudan
83%
S Sudan
83%
S Sao tome
79%
S Seychelles
79%
S Singapore
79%
S Slovakia
79%
S Slovenia
79%
S Saudi Arabia
75%
S Spain
75%
S Somalia
71%
S Syria
71%
S Samoa
67%
S Sri lanka
67%
S Solomon islands
54%
S Sierra leone
50%
No matching quizzes found
Score Distribution
Percent of People with Each Score
Percentile by Number Answered
Your Score History
You have not taken this quiz since the last reset